| 000 | 00988nam a2200277 a 4500 | ||
|---|---|---|---|
| 001 | 000024331 | ||
| 003 | DO-SdBNP | ||
| 005 | 20211006115929.0 | ||
| 008 | 110126t2010 dr r 000 0 spa d | ||
| 040 |
_aDO-SdBNP _bspa _cBNPHU |
||
| 082 | 4 |
_aBNPHU 641.597293 _bM425r |
|
| 100 | 1 |
_aMata, Delcy _949908 |
|
| 245 | 1 | 0 |
_aRecetas dominicanas : _bel mágico secreto de la cocina criolla / _cDelcy Mata ; presentación José Rafael Sosa. |
| 246 | 1 | 3 |
_aEl secreto mágico de la cocina criolla : _brecetas dominicanas |
| 260 |
_aSanto Domingo : _bAlas, _c2010. |
||
| 300 |
_a191 p. ; _b22 cm. |
||
| 500 | _aIncluye datos biográficos de la autora en las solapas. | ||
| 500 | _aLa biblioteca posee v.1. | ||
| 590 | _aInventariado, 2018/BT | ||
| 650 | 1 | 4 |
_aCocina dominicana _9192 |
| 650 | 1 | 4 |
_aPreparación de alimentos _9193 |
| 700 | 1 |
_aSosa, José Rafael _964 |
|
| 740 | _aEl secreto mágico de la cocina criolla. | ||
| 910 | _aValidado. Control de calidad. EMS | ||
| 942 |
_2ddc _cLBS1 |
||
| 999 |
_c23824 _d23824 |
||